ROBINS BASIC PATHOLOGY (Record no. 18794)

MARC details
000 -LEADER
fixed length control field 00355nam a22001577a 4500
003 - CONTROL NUMBER IDENTIFIER
control field SGT
020 ## - INTERNATIONAL STANDARD BOOK NUMBER
International Standard Book Number 978-81-312-4904-8
082 ## - DEWEY DECIMAL CLASSIFICATION NUMBER
Classification number 616.07
Item number R18K
100 ## - MAIN ENTRY--PERSONAL NAME
Personal name KUMAR, VINAY
245 ## - TITLE STATEMENT
Title ROBINS BASIC PATHOLOGY
250 ## - EDITION STATEMENT
Edition statement 1ST SA EDITION
260 ## - PUBLICATION, DISTRIBUTION, ETC. (IMPRINT)
Place of publication, distribution, etc INDIA
Name of publisher, distributor, etc ELSEVIER PUB
Year of Publication 2018
300 ## - PAGE DESCRIPTION
No. of Pages 935
650 ## - SUBJECT ADDED ENTRY--TOPICAL TERM
Topical term or geographic name as entry element PATHOLOGY
942 ## - ADDED ENTRY ELEMENTS (KOHA)
Source of classification or shelving scheme Dewey Decimal Classification
Koha item type Books
942 ## - ADDED ENTRY ELEMENTS (KOHA)
-- 19
Holdings
Withdrawn status Lost status Source of classification or shelving scheme Damaged status Not for loan Collection code Home library Current library Shelving location Date acquired Vendor Name Cost, normal purchase price SGTU Bill Number Total Checkouts Full call number Accession No. (Barcode) Date last seen Date last borrowed Bill Date Koha item type
    Dewey Decimal Classification     MEDICAL SGT Medical Library SGT Medical Library Reference Book 06/08/2019 ABC DELHI 2100.00 SGTU 11141 28 616.07 R18K FM11834 17/12/2025 17/12/2025 03/07/2019 Books
    Dewey Decimal Classification   Not For Loan MEDICAL SGT Medical Library SGT Medical Library Reference Book 06/08/2019 ABC DELHI 2100.00 SGTU 11141 1 616.07 R18K FM11835 30/07/2024 30/07/2024 03/07/2019 Books